000 00659nam a2200241Ia 4500
003 OSt
005 20220916110953.0
006 a|||||r|||| 00| 0
007 ta
008 220915b |||||||| |||| 00| 0 urd d
020 _a8182231655 (hbk)
024 _a56,719
037 _cTextbook
040 _burd
_aARTS
_cARTS
041 _aurd
082 _aO168,6N71x, P6
100 _aDehalvi Mohammad Saleem Au.
245 0 _aMazameen-e-hamrang
260 _aNew Delhi
_b Educational publishing house India
650 _aURDU PROSE
942 _hO168,6N71x, P6
_cTB
_2CC
999 _c102538
_d102538